Una etnografía de la etnografía : (Record no. 123739)

MARC details
000 -CABECERA
campo de control de longitud fija 00741nam a2200205 a 4500
005 - FECHA Y HORA DE LA ÚLTIMA TRANSACCIÓN
campo de control 20240924064028.0
008 - ELEMENTOS DE LONGITUD FIJA--INFORMACIÓN GENERAL
campo de control de longitud fija 070829s19982004mx r 000 0 spa d
035 ## - NÚMERO DE CONTROL DEL SISTEMA
Número de control de sistema UPN01000151603
049 ## - COLECCIÓN
Colección CG
050 #4 - SIGNATURA TOPOGRÁFICA DE LA BIBLIOTECA DEL CONGRESO
Número de clasificación H61
Número de documento/Ítem T4.4
100 1# - ASIENTO PRINCIPAL--NOMBRE PERSONAL
Nombre de persona Tezanos de Mañana, Araceli
245 14 - MENCIÓN DE TÍTULO
Título Una etnografía de la etnografía :
Resto del título aproximaciones metodológicas para la enseñanza del enfoque cualitativo-interpretativo para la investigacion social /
Mención de responsabilidad, etc. Araceli de Tezanos.
260 ## - PUBLICACIÓN, DISTRIBUCIÓN, ETC.
Lugar de publicación, distribución, etc. Bogotá :
Nombre del editor, distribuidor, etc. Antropos,
Fecha de publicación, distribución, etc. 1998 (2004 impr.).
300 ## - DESCRIPCIÓN FÍSICA
Extensión 193 p.
440 #0 - MENCIÓN DE SERIE/ASIENTO SECUNDARIO--TÍTULO
Título Pedagogía Siglo XXI
650 #4 - ASIENTO SECUNDARIO DE MATERIA - TERMINO TEMATICO
Término de materia o nombre geográfico como elemento de entrada Investigación
Subdivisión general Metodología
9 (RLIN) 5209
650 #4 - ASIENTO SECUNDARIO DE MATERIA - TERMINO TEMATICO
Término de materia o nombre geográfico como elemento de entrada Educación
Subdivisión general Investigación
9 (RLIN) 4070
650 #4 - ASIENTO SECUNDARIO DE MATERIA - TERMINO TEMATICO
Término de materia o nombre geográfico como elemento de entrada ETNOLOGIA -
Subdivisión general INVESTIGACION
9 (RLIN) 13141
905 ## - TIPO DE MATERIAL
Tipo de material Libro
Holdings
Estado de retiro Estado de pérdida Fuente del sistema de clasificación o colocación Estado dañado No para préstamo Código de colección Localización permanente Ubicación/localización actual Ubicación en estantería Total de préstamos Renovaciones totales Clasificación Código de barras En préstamo Fecha visto por última vez Fecha del último préstamo Número de copia Tipo de ítem Koha
    Library of Congress Classification     Colección General Bib. Gregorio Torres Quintero Bib. Gregorio Torres Quintero Planta baja 20 1 H61 T4.4 246725 05/05/2026 20/03/2026 20/03/2026 1 Libro